Oscar du meilleur acteur (1961-1990) - Statistiques

Statistiques générales
  • Ce quiz a été pris 31 fois
  • Le résultat moyen est 11 sur 29
Statistiques - réponses
Par images Réponse % Correct
Marlon Brando
96%
Jack Nicholson
93%
Dustin Hoffman
78%
John Wayne
78%
Michael Douglas
78%
Sidney Poitier
70%
Robert De Niro
67%
Ben Kingsley
63%
Henry Fonda
56%
Daniel Day-Lewis
52%
Paul Newman
48%
Gregory Peck
44%
Burt Lancaster
41%
Gene Hackman
41%
F. Murray Abraham
26%
Jack Lemmon
26%
Jon Voight
26%
Rex Harrison
26%
Lee Marvin
22%
George C. Scott
19%
Robert Duvall
19%
Peter Finch
11%
Richard Dreyfuss
11%
William Hurt
7%
Art Carney
4%
Maximilian Schell
4%
Paul Scofield
4%
Rod Steiger
4%
Cliff Robertson
0%
Aucun quiz correspondant
Distribution des résultats
% des personnes avec chaque résultat
Percentile par nombre de réponses
Votre historique - résultats
Vous n’avez pas pris ce quiz